01304nam a2200241Ia 4500001001100000003001000011008004100021040002500062041001300087100003500100245004400135250001100179260006100190300002600251500021500277501011400492520021500606650002300821942000700844957000600851999004300857952016200900L248-15215IT-CnALBA170116s9999||||xx |||||||||||||| ||und|| aIT-CnALBAcIT-CnALBA aITALIANO aDE SEGUR GASTONE, CONTE, MONS. 0aLA CONFESSIONE. CON APPENDICE PRATICA.  a1a ed. a TO BO CT PAbSOCIETÀ ED. INTER. c1923 [1° Ed.:1923] a99 p. (prefazione: 3) aTRADUZIONE DAL FRANCESE DI D. MASSIMO ALBERA. CONFESSIONE. NECESSITÀ. INVENZIONE DEI PRETI? PROTESTANTI. CORAGGIO. SEGRETO SACRAMENTALE. IN MORTE. ESAME DI COSCIENZA. CONTRIZIONE. ASSOLUZIONE. SODDISFAZIONE.  aSocietà San Paolo EM - Piazza San Paolo, 14 - 12051 ALBA (CN) (non commercial uses only) ® Copyright 2017 aTRADUZIONE DAL FRANCESE DI D. MASSIMO ALBERA. CONFESSIONE. NECESSITÀ. INVENZIONE DEI PRETI? PROTESTANTI. CORAGGIO. SEGRETO SACRAMENTALE. IN MORTE. ESAME DI COSCIENZA. CONTRIZIONE. ASSOLUZIONE. SODDISFAZIONE.  aASCETICA E MISTICA cBK 71 a19965bSI g Copie: 1 c274384d274384 0010406L_2481521571aALBAbALBAd2017-01-16l0oL248-15215r2017-01-16 00:00:00w2017-01-16yBKz(data import: 16 gennaio 2017) - By Epidotti, Vaglietti.